000 00473nam a2200181 a 4500
005 20210219160401.0
008 081028s1989 mx r 000 0 spa d
020 _a9686078711
035 _aUPN01000164477
049 _aUNE
080 _a341.1 (091) CUA.
245 0 0 _aCuatro décadas de la carta de la OEA.
260 _aMéxico :
_bCREFAL;
_aWashington:
_bOEA,
_c1989.
300 _a102, (4) p. ;
_bfot.
690 _aOEA
690 _aMexico- OEA
905 _aUNESCO
999 _c136589
_d136589